| 000 | 03049cam a2200445 i 4500 | ||
|---|---|---|---|
| 001 | 1249444244 | ||
| 003 | OCoLC | ||
| 005 | 20240809161558.0 | ||
| 008 | 210503s2021 ph 000 0aeng d | ||
| 020 | _a9786218255043 | ||
| 020 | _a6218255042 | ||
| 020 | _a9786218255050 | ||
| 020 | _a6218255050 | ||
| 020 | _a9786218255067 | ||
| 020 | _a6218255069 | ||
| 035 | _a(OCoLC)1249444244 | ||
| 040 |
_aKAT _beng _erda _cKAT _dKAT _dOCLCO _dOCLCF _dOCLCO _dOKO |
||
| 043 | _aa-ph--- | ||
| 049 | _aOKOC | ||
| 100 | 1 |
_aJohnson, Dave, _d1957- _eauthor. |
|
| 245 | 1 | 0 |
_aAnswering God's call : _breflections of a veteran missionary in Asia / _cDave Johnson ; foreword by Bill Snider. |
| 260 |
_aBaguio City, Philippines : _bSambayanihan Publishers, _cc2021. |
||
| 300 |
_axii, 216 pages ; _c23 cm. |
||
| 336 |
_atext _btxt _2rdacontent. |
||
| 337 |
_aunmediated _bn _2rdamedia. |
||
| 338 |
_avolume _bnc _2rdacarrier. |
||
| 505 | 0 | _a1. My early years -- 2. Junior high and high school -- 3. Sailing the seas and some unexpected encounters with God -- 4. Still sailing -- 5. Central Bible College -- 6 The Assemblies of God Theological Seminary -- 7. Early ministry years -- 8. The early years in the Philippines -- 9. Debbie -- 10. Manila again and the move to Bicol -- 11. The early years in Bicol (2000-2004) -- 12. The early years in Bicol 2000-2004 (continued) -- 13. The middle years in Bicol (2005-2009) -- 14. The middle years in Bicol 2005-2009 (continued) -- 15. Depression, burnout, and healing -- 16. Finishing in Bicol and beginning at APTS -- 17. A full term at APTS -- Epilogue. | |
| 520 | _a"Writing is a discipline. That's why not many take up the pen, or today, sit for hours before a keyboard to write a story.Writing is not easy and requires reflection, honesty and truth telling. I've always enjoyed missionary stories, biographies, or memoirs. In my coming to follow God's call to missions, he used missionary stories and a biography to fan the flame of calling. Dave Johnson has produced a life memoir that illustrates God's grace and his leading. I've known Dave for over 30 years, and have appreciated his heart for evangelism, for service, and his diligence in pursuing a call that would leave a legacy. He's been intentional and looked at ministry through the lens of multiplying the Message. From evangelistic meetings, to mentoring, to pursuing advanced studies and now through a passion that Asian theologians and leaders would writeand influence their church and the next generations, Dave has passionately pursued the call. He and Debbie are pursuing a life that is invested in Kingdom purposes."--Publisher. | ||
| 600 | 1 | 0 |
_aJohnson, Dave, _d1957- |
| 650 | 0 |
_aMissionaries _zPhilippines _vBiography. |
|
| 650 | 0 |
_aMissions _zPhilippines _xHistory. |
|
| 650 | 7 |
_aMissionaries. _2fast |
|
| 650 | 7 |
_aMissions. _2fast |
|
| 651 | 0 |
_aPhilippines _xChurch history. |
|
| 651 | 7 |
_aPhilippines. _2fast |
|
| 655 | 7 |
_aBiographies. _2fast |
|
| 655 | 7 |
_aChurch history. _2fast |
|
| 655 | 7 |
_aHistory. _2fast |
|
| 942 |
_2lcc _cBK |
||
| 999 |
_c53172 _d53172 |
||